Normal view
MARC view
Entry Personal Name
001 - CONTROL NUMBER
- control field: 51675
003 - CONTROL NUMBER IDENTIFIER
- control field: OSt
005 - DATE AND TIME OF LATEST TRANSACTION
- control field: 20160410124540.0
008 - FIXED-LENGTH DATA ELEMENTS
- fixed length control field: 160410|| aca||aabn | a|a d
040 ## - CATALOGING SOURCE
- Original cataloging agency: OSt
- Transcribing agency: OSt
100 ## - HEADING--PERSONAL NAME
- Personal name: श्रीमती मनोरमा बैद
670 ## - SOURCE DATA FOUND
- Source citation: Work cat.: (OSt)22152: श्रीमती मनोरमा बैद , प्राथमिक सहायता एवं गृह परिचर्या, 2008









